[Event "Viking op"]
[Site "Aaland-Stockholm"]
[Date "1997.??.??"]
[Round "?"]
[White "Bagirov, Vladimir"]
[Black "Svensson, Bengt"]
[Result "1/2-1/2"]
[WhiteElo "2495"]
[BlackElo "2385"]

1.d4 d5 2.c4 dxc4 3.e4 e5 4.Nf3 exd4 5.Bxc4 Bb4+ 6.Bd2 Bxd2+ 7.Nbxd2 Nc6
8.O-O Qf6 9.e5 Qg6 10.b4 Nge7 11.b5 Na5 12.Nxd4 Nxc4 13.Nxc4 O-O 14.Qe2 Rd8
15.Rfd1 Nd5 16.Qc2 Qxc2 17.Nxc2 Be6 18.Na5 Nc3 19.Rxd8+ Rxd8 20.Nxb7 Rb8
21.Nc5 Rxb5 22.Nxe6 fxe6 23.Nd4 Rxe5 24.g3 Ne2+ 25.Nxe2 Rxe2 26.Rc1 Rxa2
27.Rxc7 Kf8 28.h4 a5 29.Kg2 a4 30.Ra7 a3 31.Kf3 Ra1 32.Kf4 a2 33.Kf3 e5 34.Kg2 h6
35.Ra5 Kf7 36.Ra6 g5 37.hxg5 hxg5 38.Kf3 Rb1 39.Rxa2 Rb4 40.Ra6 Rc4  1/2-1/2

[Event "AUT-chT2W 9697"]
[Site "Austria"]
[Date "1997.??.??"]
[Round "7"]
[White "Kostic, Vladimir"]
[Black "Sermek, Drazen"]
[Result "1/2-1/2"]
[WhiteElo "2420"]
[BlackElo "2535"]

1.d4 d5 2.c4 dxc4 3.e4 e5 4.Nf3 exd4 5.Bxc4 Nc6 6.Nbd2 Be6 7.O-O Bb4 8.Bxe6 fxe6
9.Qb3 Qd7 10.Nc4 Nf6  1/2-1/2

[Event "Baku"]
[Site "Baku"]
[Date "1997.??.??"]
[Round "4"]
[White "Guseinov, Aidyn"]
[Black "Mirzoev, Azer"]
[Result "1-0"]
[WhiteElo "2430"]
[BlackElo "2430"]

1.d4 d5 2.c4 dxc4 3.e4 e5 4.Nf3 exd4 5.Bxc4 Bb4+ 6.Nbd2 Nc6 7.O-O Nf6 8.e5 Nd5
9.Nb3 Nb6 10.Bb5 O-O 11.Bxc6 bxc6 12.Bg5 Be7 13.Bxe7 Qxe7 14.Qxd4 Be6 15.Na5 Bd5
16.Rac1 Bxf3 17.gxf3 Qg5+ 18.Kh1 Rad8 19.Qe4 Rd2 20.Rg1 Qh5 21.Rg2 Rxb2 22.Nxc6 Rxa2
23.Rcg1 g6 24.e6 Ra4 25.exf7+ Kg7 26.Nd4 Rxf7 27.Rg5 Qh3 28.Ne6+  1-0

[Event "Landesliga Nord9798"]
[Site "Bayern"]
[Date "1997.??.??"]
[Round "?"]
[White "Kreuzer, Helmut"]
[Black "Meulner, Klaus"]
[Result "1-0"]
[WhiteElo "2080"]
[BlackElo "2140"]

1.d4 d5 2.c4 dxc4 3.e4 Nc6 4.Be3 Nf6 5.f3 e5 6.d5 Ne7 7.Nc3 Ng6 8.Bxc4 Bd6
9.Nge2 O-O 10.O-O Qe7 11.Qd2 a6 12.Rac1 Nh5 13.Bb3 Nhf4 14.g3 Nxe2+ 15.Qxe2 Bd7
16.Rfd1 Qe8 17.Kg2 Ne7 18.Bg1 Kh8 19.Rd2 f6 20.Qd1 Qh5 21.Kh1 f5 22.exf5 Qxf5
23.Rd3 Qg6 24.Bc2 Qh5 25.Ne4 Rf7 26.Bc5 Bf5 27.g4 Qxg4 28.Nxd6 cxd6 29.fxg4 Be4+
30.Kg1  1-0

[Event "BEL-chT9697"]
[Site "BEL"]
[Date "1997.??.??"]
[Round "4"]
[White "Kishnev, Sergey"]
[Black "Lazarev, Vladimir"]
[Result "0-1"]
[WhiteElo "2485"]
[BlackElo "2455"]

1.d4 d5 2.c4 dxc4 3.e4 Nc6 4.Nf3 Bg4 5.Be3 Bxf3 6.gxf3 e6 7.Bxc4 Qf6 8.Bb5 Bb4+
9.Ke2 Ne7 10.Nd2 Bxd2 11.Qxd2 O-O-O 12.Rhd1 Ne5 13.f4 Ng4 14.Rac1 Kb8 15.Qb4 Qh4
16.h3 Nxe3 17.fxe3 Rd6 18.Rg1 Rb6 19.a4 a6 20.Qc3 Qh5+ 21.Kf2 Nc6 22.Be2 Qh4+
23.Kg2 Rd8 24.Bf3 g5 25.f5 Rd7 26.Rc2 Nb4 27.Rd2 exf5 28.exf5 Nd5 29.Qd3 Rb4
30.Kh2 h5 31.Bxd5 Rxd5 32.Rgg2 g4 33.Rg3 Rxa4 34.Rc2 Qg5 35.hxg4 hxg4 36.Qe2 Qxf5
37.Rxg4 Ra1 38.Rg8+ Ka7 39.Rxc7 Qh7+ 40.Kg2 Qxg8+  0-1

[Event "Berliner Sommer"]
[Site "Berlin"]
[Date "1997.??.??"]
[Round "5"]
[White "Shaked, Tal"]
[Black "Ibragimov, Ildar"]
[Result "1-0"]
[WhiteElo "2500"]
[BlackElo "2585"]

1.d4 d5 2.c4 dxc4 3.e4 Nf6 4.e5 Nd5 5.Bxc4 Nb6 6.Bd3 Nc6 7.Be3 Be6 8.Nc3 Nb4
9.Be4 N4d5 10.Nge2 f5 11.exf6 exf6 12.Nf4 Nxf4 13.Bxf4 Bd6 14.Bxd6 Qxd6 15.Bxb7 Rd8
16.Qh5+ Bf7 17.Qb5+ Nd7 18.Qe2+ Qe6 19.Qxe6+ Bxe6 20.O-O-O Nb6 21.d5 Bf5
22.Nb5 Kf7 23.Rhe1 Rb8 24.Bc6 Nc4 25.d6 Nxd6 26.Rxd6 cxd6 27.Nxd6+ Kg6 28.Re8 Rhxe8
29.Bxe8+ Rxe8 30.Nxe8 Be6 31.a3 Bd5 32.f3 Bc4 33.Kd2 Bf1 34.g3 Bg2 35.Ke3 Kf7
36.Nd6+ Ke6 37.Nb5 a5 38.Nc3 h5 39.Ne2 g5 40.b4 axb4 41.axb4 Kd5 42.Nd4 Bh3
43.Nb3 Bd7 44.Nc5 Bc6 45.Ne4 Ke5 46.Nc3 h4 47.gxh4 gxh4 48.b5 Ba8 49.b6 Bc6
50.Ne4 f5 51.Nc5 f4+ 52.Kf2 Kd6 53.Nd3 Be8 54.Nxf4 Kc6 55.Ng2 h3 56.Nf4 Bd7
57.Kg3 Kxb6 58.Nxh3 Kc5 59.Ng5 Kd6 60.Kf4 Ke7 61.Ke5 Be8 62.h4 Bg6 63.f4 Bh5
64.Kf5 Be8 65.Nf3 Kf7 66.Kg5 Ba4 67.Ne5+ Kg7 68.f5 Bc2 69.Ng4 Bb1 70.Nf6 Bd3
71.Nh5+ Kf7 72.Nf4 Bc4 73.h5 Kg7 74.Ne6+ Kh7  1-0

[Event "Biel op MTO"]
[Site "Biel"]
[Date "1997.??.??"]
[Round "8"]
[White "Podgaets, Mikhail"]
[Black "Raetsky, Alexander"]
[Result "1-0"]
[WhiteElo "2460"]
[BlackElo "2405"]

1.d4 d5 2.c4 dxc4 3.e4 Nc6 4.Nf3 Bg4 5.d5 Ne5 6.Bf4 Ng6 7.Be3 Nf6 8.Nc3 e5
9.Bxc4 a6 10.Be2 Bd6 11.O-O O-O 12.Nd2 Bxe2 13.Qxe2 Nd7 14.Nb3 Qe7 15.Rac1 Rfc8
16.Rc2 Nf4 17.Qd2 a5 18.g3 Nh5 19.Nb5 Nhf6 20.f3 a4 21.Nc1 Bb4 22.Qf2 Ne8
23.Nd3 Ra5 24.Nxb4 Qxb4 25.Na3 Ra6 26.Rfc1 Rb8 27.Qe2 h6 28.Kg2 c6 29.Rc4 Qd6
30.dxc6 Rxc6 31.Rxa4 Rxc1 32.Bxc1 Nc5 33.Rc4 b5 34.Rc2 Nc7 35.Be3 N5e6 36.Rd2 Nd4
37.Bxd4 exd4 38.Qd3 Ne6 39.Nc2 Rd8 40.Qxb5 Rb8 41.Qd5 Qb6 42.b4 Rd8 43.Qc4 Qa7
44.b5 h5 45.h4 g5 46.hxg5 h4 47.g6 hxg3 48.Nxd4 Nf4+ 49.Kxg3 Nxg6 50.f4 Qe7
51.Nf3 Rxd2 52.Nxd2 Qh4+ 53.Kf3 Qxf4+ 54.Ke2 Qg4+ 55.Ke1 Ne5 56.Qd4 f6 57.b6 Qc8
58.Qd5+ Kg7 59.b7 Qc1+ 60.Ke2 Qc7 61.Qb5 Qb8 62.a4 Kf7 63.a5 Ke7 64.Qc5+ Kd8
65.a6 Nc6 66.Qd5+ Ke7 67.Nc4 Qf8 68.b8=Q  1-0

[Event "Bogota Telecom"]
[Site "Bogota"]
[Date "1997.??.??"]
[Round "1"]
[White "Ramirez, Carlos"]
[Black "Borges Mateos, Juan"]
[Result "1/2-1/2"]
[WhiteElo "2320"]
[BlackElo "2500"]

1.d4 d5 2.c4 dxc4 3.e4 Nf6 4.e5 Nd5 5.Bxc4 Nc6 6.Ne2 Nb6 7.Bd3 Be6 8.Nbc3 Qd7
9.Be3 Nb4 10.Be4 Bf5 11.O-O Bxe4 12.Nxe4 e6 13.N2g3 O-O-O 14.a3 Nc6 15.Ne2 Be7
16.b4 f5 17.Nc5 Bxc5 18.bxc5 Nd5 19.Rb1 Nce7 20.Qb3 Qc6 21.Rb2 Kd7 22.Bg5 Rb8
23.Bxe7 Kxe7 24.Rfb1 Kf7 25.Qf3 Rhd8 26.g4 Kg8 27.gxf5 Rf8 28.Nf4 Rxf5 29.Nxd5 Rg5+
30.Kh1 exd5 31.Rg1 Rxg1+ 32.Kxg1 Qe6 33.Rb3 b5 34.Qh3 Qxh3 35.Rxh3 a5 36.Rb3 c6
37.Kg2 g6 38.Kg3 Kg7 39.Kg4 b4 40.a4 Rf8 41.f4 Rf5 42.h4 Kf7 43.Rb1 Ke6 44.Rh1 Ke7
45.Rh2 h6 46.Rh1 Ke6 47.Rh2 Kf7 48.Rh1  1/2-1/2

[Event "Slovan op"]
[Site "Bratislava"]
[Date "1997.??.??"]
[Round "3"]
[White "Sergeev, Vladimir"]
[Black "Breja, Stanislav"]
[Result "1-0"]
[WhiteElo "2460"]
[BlackElo "2200"]

1.d4 d5 2.c4 dxc4 3.e4 e5 4.Nf3 exd4 5.Bxc4 Bb4+ 6.Nbd2 Nc6 7.O-O Bxd2 8.Qxd2 Nge7
9.b4 a6 10.Bb2 O-O 11.a4 Bg4 12.Ne1 Qd7 13.Nd3 b6 14.Rac1 Be6 15.Bxe6 fxe6
16.f4 Ng6 17.Rc4 Rac8 18.Qc2 Nce7 19.Rxd4 Qc6 20.Rc4 Qe8 21.g3 c6 22.Qc3 Rf7
23.h4 h5 24.Ne5 Nxe5 25.Qxe5 Rf6 26.Rd1 Qg6 27.Qg5 Qxg5 28.hxg5 Rf7 29.Rd6 h4
30.Rxe6 hxg3 31.g6 Nxg6 32.Rxg6  1-0

[Event "Budapest FS06 GM"]
[Site "Budapest"]
[Date "1997.??.??"]
[Round "1"]
[White "Shaked, Tal"]
[Black "Krizsany, Laszlo"]
[Result "1-0"]
[WhiteElo "2445"]
[BlackElo "2435"]

1.d4 d5 2.c4 dxc4 3.e4 c5 4.Nf3 cxd4 5.Qxd4 Qxd4 6.Nxd4 Bd7 7.Bxc4 e5 8.Nb5 Bxb5
9.Bxb5+ Nd7 10.Nc3 Bb4 11.Bd2 Nf6 12.Rc1 a6 13.Bxd7+ Kxd7 14.Na4 Bxd2+ 15.Kxd2 Nxe4+
16.Ke3 Nd6 17.Nb6+ Ke6 18.Nxa8 Rxa8 19.f3 Rd8 20.Rhd1 Rd7 21.Ke2 h5 22.Rc5 Re7
23.f4 exf4 24.Kf3 g6 25.Re1+ Kf6 26.Rxe7 Kxe7 27.Kxf4 Ke6 28.Rc7 a5 29.Rc5 a4
30.Ke3 b6 31.Rc7 Kd5 32.Kd3 h4 33.Rd7 g5 34.Rd8 b5 35.b3 axb3 36.axb3 Ke5
37.b4 f5 38.Rg8 Kf4 39.Rg6 Nc4 40.Ke2 g4 41.Re6 Na3 42.Kd3 Nc4 43.Ke2 Na3
44.Rh6 Nc2 45.Rxh4 Nxb4 46.Rh8 Nd5 47.Re8 Nc3+ 48.Kd3 Ne4 49.Rb8 Nd6 50.Kd4 g3
51.h3 Nc4 52.Re8 Nd2 53.Re3 b4 54.Rd3 Ne4 55.Rf3+ Kg5 56.Ke5 Nf2 57.Rxg3+ Kh4
58.Rf3  1-0

[Event "Honved"]
[Site "Budapest"]
[Date "1997.??.??"]
[Round "6"]
[White "Gartner, Guntram"]
[Black "Vegh, Endre"]
[Result "0-1"]
[WhiteElo "2380"]
[BlackElo "2330"]

1.d4 d5 2.c4 dxc4 3.e4 b5 4.a4 c6 5.axb5 cxb5 6.b3 e5 7.bxc4 Bb4+ 8.Bd2 Qxd4
9.Bxb4 Qxa1 10.Nf3 Nc6 11.Bc3 Qa4 12.cxb5 Qxe4+ 13.Be2 Nd4 14.Nxd4 exd4 15.Bxd4 Bb7
16.f3 Qh4+ 17.g3 Qg5 18.O-O Ne7 19.f4 Qd5 20.Bf3 Qxb5 21.Nc3 Qb4 22.Bxg7 Rg8
23.Bf6 Rd8 24.Nd5 Bxd5 25.Bxe7 Kxe7 26.Bxd5 Qc5+ 27.Rf2 Qxd5 28.Qe1+ Kf8
29.Qb4+ Qc5 30.Qb7 Qb6  0-1

[Event "Budapest FS04 GM"]
[Site "Budapest"]
[Date "1997.??.??"]
[Round "10"]
[White "Stocek, Jiri"]
[Black "Vadasz, Laszlo"]
[Result "1/2-1/2"]
[WhiteElo "2450"]
[BlackElo "2365"]

1.d4 d5 2.c4 dxc4 3.e4 e5 4.Nf3 Nf6 5.Bxc4 Bb4+ 6.Nbd2 O-O 7.O-O Bxd2 8.Bxd2 Nxe4
9.Nxe5 Qxd4 10.Bb4 Qxd1 11.Raxd1 c5 12.Ba3 Be6 13.Bxe6 fxe6 14.f3 Nf6 15.Bxc5 Rc8
16.Rd6 Na6 17.Ba3 Re8 18.Rc1 Rad8 19.Rxd8 Rxd8 20.Be7 Re8 21.Bd6 Rd8 22.b4 Nd5
23.b5 Nac7 24.Bxc7 Rc8 25.a4 Rxc7 26.Rxc7 Nxc7 27.Nd3 Kf7 28.Kf2 Nd5 29.Nc5 b6
30.Ne4 Ke7 31.g3 e5 32.Ke2 h6 33.h4 g6 34.Kd3 Ke6 35.Kd2 Ne7 36.Kc3 Nf5 37.Kd3 Nd4
38.Ke3 Nf5+ 39.Ke2 Nd4+ 40.Ke3 Nf5+ 41.Ke2 Nd4+  1/2-1/2

[Event "Budapest FS12 IM-A"]
[Site "Budapest"]
[Date "1997.??.??"]
[Round "10"]
[White "Varga, Peter"]
[Black "Nguyen Thi Tuong Van"]
[Result "1-0"]
[WhiteElo "2395"]
[BlackElo "2160"]

1.d4 d5 2.c4 dxc4 3.e4 Nf6 4.e5 Nd5 5.Bxc4 Nb6 6.Bb3 Nc6 7.Ne2 Bf5 8.Nbc3 e6
9.Be3 Be7 10.O-O Qd7 11.a3 O-O 12.Ba2 a5 13.Ng3 Bg6 14.f4 Rad8 15.d5 Qc8
16.Qe2 Nb8 17.d6 Bh4 18.Nge4 Rd7 19.Nc5 cxd6 20.Nxd7 N6xd7 21.exd6 Nc6 22.Nb5 Rd8
23.Rac1 Qb8 24.Rfd1 e5 25.f5  1-0

[Event "Cannes op-B 18th"]
[Site "Cannes"]
[Date "1997.??.??"]
[Round "7"]
[White "Van Beers, Eddy"]
[Black "Afek, Yochanan"]
[Result "0-1"]
[WhiteElo "2240"]
[BlackElo "2345"]

1.d4 d5 2.c4 dxc4 3.e4 c5 4.d5 e6 5.Bxc4 a6 6.Nc3 b5 7.Bd3 c4 8.Bc2 Nf6 9.Nf3 b4
10.Ba4+ Bd7 11.dxe6 fxe6 12.e5 bxc3 13.exf6 cxb2 14.f7+ Kxf7 15.Ne5+ Kg8
16.Bxd7 Nxd7 17.Bxb2 Qa5+ 18.Kf1 Nxe5 19.Qd4 Nf7 20.h4 Rd8 21.Qxc4 Qb5 22.Qxb5 axb5
23.Rh3 Rd2 24.Rb3 b4 25.Rc1 h6 26.Rc8 Kh7 27.Rc7 Nd6 28.Ke1 Rd5 29.Re3 Nf5
30.Rxe6 Nxh4 31.Re4 Nxg2+ 32.Kf1 Rg5 33.Be5 Rxe5 34.Rxe5 Bd6 35.Rcc5 Nf4  0-1

[Event "Cappelle op"]
[Site "Cappelle la Grande"]
[Date "1997.??.??"]
[Round "6"]
[White "Hauchard, Arnaud"]
[Black "Collas, Didier"]
[Result "1-0"]
[WhiteElo "2510"]
[BlackElo "2365"]

1.d4 d5 2.c4 dxc4 3.e4 Nf6 4.e5 Nd5 5.Bxc4 Nc6 6.Nc3 Be6 7.Bb3 Nxc3 8.bxc3 Bd5
9.Ne2 Bxg2 10.Rg1 Bd5 11.c4 Be6 12.d5 Nxe5 13.dxe6 Nf3+ 14.Kf1 Qxd1+ 15.Bxd1 Nxg1
16.Ba4+ c6 17.Kxg1 fxe6 18.Nd4 O-O-O 19.Nxe6 Rd6 20.Bb3 g5 21.Bxg5 Rg8 22.Kf1 Bg7
23.Bxe7 Bc3 24.Rc1 Bb2 25.Rb1 Be5 26.Bxd6 Bxd6 27.h3 Rg6 28.Rd1 Be7 29.Bc2  1-0

[Event "Corsica rap op"]
[Site "Corsica"]
[Date "1997.??.??"]
[Round "2"]
[White "Bacrot, Etienne"]
[Black "Peric, Slavisa"]
[Result "1-0"]
[WhiteElo "2545"]
[BlackElo "2260"]

1.d4 d5 2.c4 dxc4 3.e4 c5 4.d5 Nf6 5.Nc3 b5 6.e5 b4 7.exf6 bxc3 8.bxc3 Qa5
9.Qd2 gxf6 10.Bxc4 Nd7 11.Nf3 Nb6 12.Be2 c4 13.O-O Bb7 14.Rd1 Rd8 15.Qf4 Nxd5
16.Qxc4 Nxc3 17.Rxd8+ Kxd8 18.Bf1 Bxf3 19.Bd2 Qc7 20.Qd3+ Nd5 21.Rc1 Qb6
22.Rb1 Qc7 23.Rb5 Ke8 24.Rxd5 Bxd5 25.Qxd5  1-0

[Event "CZE-chT 9697"]
[Site "CZE"]
[Date "1997.??.??"]
[Round "1"]
[White "Stocek, Jiri"]
[Black "Keitlinghaus, Ludger"]
[Result "1/2-1/2"]
[WhiteElo "2450"]
[BlackElo "2515"]

1.d4 d5 2.c4 dxc4 3.e4 e5 4.Nf3 exd4 5.Bxc4 Bb4+ 6.Nbd2 Nc6 7.O-O Nf6 8.e5 Nd5
9.Nb3 Nb6 10.Bb5 Bd7 11.Bxc6 Bxc6 12.Nfxd4 Bd5 13.Qg4 Qd7 14.Nf5 O-O-O 15.Bg5 f6
16.Be3 h5 17.Qxb4 Qxf5 18.Rac1 Qg4 19.Qxg4+ hxg4 20.exf6 gxf6 21.Nd4 Rd7
22.b3 Be4  1/2-1/2

[Event "Dortmund"]
[Site "Dortmund"]
[Date "1997.??.??"]
[Round "9"]
[White "Karpov, Anatoly"]
[Black "Anand, Viswanathan"]
[Result "1/2-1/2"]
[WhiteElo "2745"]
[BlackElo "2765"]

1.d4 d5 2.c4 dxc4 3.e4 e5 4.Nf3 exd4 5.Bxc4 Nc6 6.O-O Be6 7.Bxe6 fxe6 8.Qb3 Qd7
9.Qxb7 Rb8 10.Qa6 Nf6 11.Nbd2 Bb4 12.Nc4 O-O 13.a3 Bc5 14.b4 Bb6 15.b5 Ne7
16.Nfe5 Qe8 17.a4 Nxe4 18.Ba3 Nd5 19.Bxf8 Kxf8 20.Nd3 Nd6 21.Nxd6 cxd6 22.Rac1 Qd8
23.a5 Bxa5 24.Qxa7 Bc3 25.Qa2 Rxb5 26.Qe2 Qe8 27.Rb1 e5 28.Rxb5 Qxb5 29.f4 Ne3
30.fxe5+ Nxf1 31.Qxf1+ Ke7 32.exd6+  1/2-1/2

[Event "RUS-Cup5"]
[Site "Ekaterinburg"]
[Date "1997.??.??"]
[Round "1"]
[White "Tunik, Gennady"]
[Black "Maksimenko, Vitalij"]
[Result "1-0"]
[WhiteElo "2460"]
[BlackElo "2255"]

1.d4 d5 2.c4 dxc4 3.e4 Nf6 4.e5 Nd5 5.Bxc4 Nb6 6.Bd3 Nc6 7.Ne2 Bg4 8.f3 Bh5
9.Nbc3 e6 10.a3 Ne7 11.Bg5 Qd7 12.Ne4 Ned5 13.Qd2 Be7 14.Bxe7 Qxe7 15.Bb5+ Nd7
16.N2c3 O-O 17.Nxd5 exd5 18.Ng3 Bg6 19.O-O c6 20.Be2 h5 21.Bd3 Bxd3 22.Qxd3 g6
23.Rae1 Nb6 24.f4 f5 25.exf6 Qxf6 26.f5 Rae8 27.Rxe8 Rxe8 28.fxg6 Qg5 29.Nf5 Nc4
30.h4 Qd2 31.Qf3 Ne3 32.Ne7+  1-0

[Event "RUS-Cup5"]
[Site "Ekaterinburg"]
[Date "1997.??.??"]
[Round "5"]
[White "Tunik, Gennady"]
[Black "Chernitsin, Ivan"]
[Result "1-0"]
[WhiteElo "2460"]
[BlackElo "2375"]

1.d4 d5 2.c4 dxc4 3.e4 c5 4.d5 b5 5.a4 Nf6 6.f3 b4 7.Bxc4 g6 8.e5 Nfd7 9.f4 Nb6
10.b3 Bg7 11.a5 Nxc4 12.bxc4 e6 13.Nf3 O-O 14.O-O Ba6 15.dxe6 Bxc4 16.exf7+ Kxf7
17.Nbd2 Bxf1 18.Qb3+ c4 19.Nxc4 Bxc4 20.Qxc4+ Ke8 21.Qe6+ Qe7 22.Qd5 a6 23.Qxa8 Bxe5
24.fxe5 Qc5+ 25.Kh1 Qxe5 26.Bb2 Qxb2 27.Qxb8+ Kf7 28.Qb7+ Kg8 29.Qd5+ Kg7
30.Re1 b3 31.h3 Qa3 32.Nd4 Rb8  1-0

[Event "RUS-Cup5"]
[Site "Ekaterinburg"]
[Date "1997.??.??"]
[Round "9"]
[White "Volkov, Sergey"]
[Black "Volzhin, Alexander"]
[Result "1-0"]
[WhiteElo "2480"]
[BlackElo "2505"]

1.d4 d5 2.c4 dxc4 3.e4 e5 4.Nf3 exd4 5.Bxc4 Nc6 6.a3 Be6 7.Bxe6 fxe6 8.Qb3 Qd7
9.Qxb7 Rb8 10.Qa6 Nf6 11.Nbd2 Bc5 12.b4 Bb6 13.Qd3 O-O 14.O-O Qe8 15.Nc4 Qg6
16.Re1 Ng4 17.Ra2 Ne3 18.fxe3 Rxf3 19.Kh1 Rf6 20.b5 Rbf8 21.Rg1 dxe3 22.bxc6 e2
23.Ne3 Qg3 24.Qxe2 Rh6 25.h3 Rf3 26.Re1 Bd4 27.Ng4  1-0

[Event "FIN-chT 9697"]
[Site "FIN"]
[Date "1997.??.??"]
[Round "7.1"]
[White "Lehtivaara, Petri"]
[Black "Pyhala, Antti"]
[Result "0-1"]
[WhiteElo "2330"]
[BlackElo "2330"]

1.d4 d5 2.c4 dxc4 3.e4 Nc6 4.Be3 Nf6 5.Nc3 e5 6.d5 Na5 7.Qa4+ Bd7 8.Qxa5 a6
9.d6 Bxd6 10.Nd5 Nxe4 11.Bxc4 b6 12.Nxb6 cxb6 13.Qd5 Bb4+ 14.Kf1 Nd6 15.Qxe5+ Qe7
16.Qxg7 O-O-O 17.Bd3 Kb7 18.Nf3 Bf5 19.Be2 Ne4 20.Qe5 Nd2+ 21.Kg1 Qxe5 22.Nxe5 Be6
23.Nf3 Nc4 24.Bd4 Rhg8 25.b3 Nd2 26.Nxd2 Rxd4 27.Bf3+ Kb8 28.Nf1 Rc8 29.g3 Rc2
30.Ne3 Rb2 31.Nd1 Rbd2 32.Kg2 R4d3 33.Rf1 Bc5 34.Be4 Rd6 35.Bf3 Bd4 36.Rc1 Rxa2
37.Nc3 Rb2 38.Ne4 Rd7 39.Ng5 Bxb3 40.Nxh7 Rc7 41.Rxc7 Kxc7 42.g4 a5 43.g5 a4
44.Nf6 a3 45.Rc1+ Bc5 46.Nd5+ Kd6 47.Nc3 a2 48.h4 Bb4 49.Nb5+ Ke5 50.Na7 Bc5
51.Nc6+ Kd6 52.Be4 Re2 53.Bd3 Rxf2+  0-1

[Event "FRA-chT9697 groupe A"]
[Site "France"]
[Date "1997.??.??"]
[Round "5"]
[White "Komarov, Dimitri"]
[Black "Kallai, Gabor"]
[Result "1/2-1/2"]
[WhiteElo "2615"]
[BlackElo "2505"]

1.d4 d5 2.c4 dxc4 3.e4 c5 4.d5 Nf6 5.Nc3 e6 6.Bxc4 exd5 7.exd5 a6 8.Bf4 Bd6
9.Qe2+ Kf8 10.Bxd6+ Qxd6 11.Nf3 b5 12.Bd3 g6 13.O-O Kg7 14.Rfe1 Bg4 15.Qe5 Qxe5
16.Nxe5 Nbd7 17.f3  1/2-1/2

[Event "Frydek-Mistek op-A"]
[Site "Frydek-Mistek"]
[Date "1997.??.??"]
[Round "7"]
[White "Chetverik, Maxim"]
[Black "Taus, Martin"]
[Result "1-0"]
[WhiteElo "2380"]
[BlackElo "2185"]

1.d4 d5 2.c4 dxc4 3.e4 e5 4.Nf3 exd4 5.Bxc4 Bb4+ 6.Nbd2 Nf6 7.Bxf7+ Kxf7
8.Qb3+ Nd5 9.exd5 Re8+ 10.Kf1 Bd6 11.Nxd4 Nd7 12.Ne6 Qe7 13.Ne4 Nc5 14.N6xc5 Bxc5
15.d6+ Qe6 16.Ng5+ Kg8 17.Nxe6 Bxe6 18.d7 Bxb3 19.dxe8=Q+ Rxe8 20.axb3  1-0

[Event "BL2-N9697"]
[Site "Germany"]
[Date "1997.??.??"]
[Round "?.3"]
[White "Paulsen, Dirk"]
[Black "Erler, Rainer"]
[Result "1-0"]
[WhiteElo "2365"]
[BlackElo "2185"]

1.d4 d5 2.c4 dxc4 3.e4 c5 4.d5 Nf6 5.Nc3 b5 6.Bf4 Ba6 7.a3 e6 8.Nf3 Qb6 9.Qc2 Nbd7
10.Be2 exd5 11.Nxd5 Nxd5 12.exd5 Bd6 13.Qe4+ Kd8 14.Ng5 Rf8 15.O-O h6 16.Bxd6 Qxd6
17.Ne6+ fxe6 18.dxe6 Ke7 19.exd7+ Qe6 20.Qh4+ g5 21.Qg3 Bb7 22.Bg4 Qc6 23.Rfe1+ Kf7
24.Bf3 Qxd7 25.Rad1 Qc8 26.Bg4 Qb8 27.Rd7+ Kg6 28.Re6+ Rf6 29.Rxf6+  1-0

[Event "BL2-S9798"]
[Site "Germany"]
[Date "1997.??.??"]
[Round "?.1"]
[White "Jirovsky, Milos"]
[Black "Gyimesi, Zoltan"]
[Result "1/2-1/2"]
[WhiteElo "2480"]
[BlackElo "2525"]

1.d4 d5 2.c4 dxc4 3.e4 c5 4.d5 e6 5.Nc3 exd5 6.Nxd5 Ne7 7.Bxc4 Nxd5 8.Bxd5 Be7
9.Ne2 O-O 10.Be3 Nd7 11.f3 Nf6 12.Bb3 Be6 13.Nf4 Bxb3 14.Qxd8 Rfxd8 15.axb3 b6
16.Ke2 Kf8 17.Ra6 Rd7 18.Rha1 Rb7 19.Nd3 Nd7 20.Bf4 Bd8 21.Bg3 Bf6 22.Bd6+ Ke8
23.Kd2 Be7 24.Bxe7 Kxe7 25.Nf4 Kd6 26.Ke3 Nb8 27.Rd1+ Ke7 28.Raa1 Nc6 29.Nd5+  1/2-1/2

[Event "Oberliga Nord N9697"]
[Site "Germany"]
[Date "1997.??.??"]
[Round "?"]
[White "Neffe, Axel"]
[Black "Buhr, Carl Christian"]
[Result "0-1"]
[WhiteElo "2220"]
[BlackElo "2265"]

1.d4 d5 2.c4 dxc4 3.e4 c5 4.d5 Nf6 5.Nc3 b5 6.e5 b4 7.Nb5 Qb6 8.Bxc4 a6 9.Nd4 cxd4
10.exf6 exf6 11.Ne2 Bc5 12.O-O O-O 13.b3 Bg4 14.a3 Nd7 15.axb4 Bxb4 16.Bb2 Bc3
17.Bxc3 dxc3 18.Rc1 Rfe8 19.Rxc3 Rac8 20.Rg3 Rxc4 21.bxc4 Bxe2 22.Qa4 Bxf1
23.Qxd7 Kf8 24.Qg4 g6 25.h4 Qb1 26.Kh2 Re4 27.f4 Bxc4 28.h5 Bxd5 29.Qc8+ Re8
30.Qc5+ Kg7 31.Qxd5 Re1  0-1

[Event "BL2-W9697"]
[Site "Germany"]
[Date "1997.??.??"]
[Round "?.7"]
[White "Doering, Thomas"]
[Black "Heinbuch, Detlef"]
[Result "1-0"]
[WhiteElo "2210"]
[BlackElo "2365"]

1.d4 d5 2.c4 dxc4 3.e4 c5 4.d5 e6 5.Nc3 a6 6.a4 Nf6 7.Bxc4 exd5 8.Nxd5 Nxd5
9.Bxd5 Be7 10.Qh5 O-O 11.Nf3 Nd7 12.Ng5 Bxg5 13.Bxg5 Nf6 14.Bxf6 Qxf6 15.O-O Qxb2
16.Rab1 Qd4 17.Rfd1 Qf6 18.Rdc1 Qe7 19.Rb6 Rb8 20.Qe2 Bd7 21.Qc4 Rfc8 22.Rcb1 Be8
23.f4 g6 24.R1b3 Qh4 25.g3 Qd8 26.h4 Rc7 27.Kg2 Re7 28.Rb2 Bb5 29.Qxc5 Bxa4
30.h5 gxh5 31.Rh6 Rc7 32.Qd4 Bc6 33.Rxh5 h6 34.Rxh6  1-0

[Event "Wichern op"]
[Site "Hamburg"]
[Date "1997.??.??"]
[Round "1"]
[White "Kortschnoj, Viktor"]
[Black "Lindinger, Markus"]
[Result "1-0"]
[WhiteElo "2610"]
[BlackElo "2250"]

1.d4 d5 2.c4 dxc4 3.e4 c5 4.d5 Nf6 5.Nc3 b5 6.Nxb5 Qa5+ 7.Nc3 Nxe4 8.Bd2 Nxd2
9.Qxd2 Ba6 10.Nf3 Nd7 11.Be2 g6 12.O-O Bg7 13.d6 exd6 14.Qxd6 Qb6 15.Rad1 Qxd6
16.Rxd6 Nb6 17.a4 Ke7 18.Rd2 Rhd8 19.a5 Bxc3 20.bxc3 Rxd2 21.Nxd2 Na4 22.Rc1 Nb2
23.Re1 Kf8 24.Rb1 Nd3 25.g3 Rd8 26.Nf1 Ke7 27.Ne3 f5 28.f4 Ke6 29.Bf3 h6
30.h4 Rd7 31.Rb8 Nc1 32.h5 gxh5 33.Rh8 Rd2 34.Rxh6+ Kf7 35.Rxa6 Kg7 36.Nxf5+  1-0

[Event "Isle of Man op"]
[Site "Isle of Man"]
[Date "1997.??.??"]
[Round "7"]
[White "Ward, Christopher"]
[Black "Baburin, Alexander"]
[Result "0-1"]
[WhiteElo "2485"]
[BlackElo "2570"]

1.d4 d5 2.c4 dxc4 3.e4 Nc6 4.Nf3 Bg4 5.Bxc4 e6 6.d5 exd5 7.Bxd5 Qf6 8.Qa4 Bxf3
9.Bxc6+ bxc6 10.gxf3 Bc5 11.Nc3 Ne7 12.f4 O-O 13.Qc4 Bb6 14.Bd2 Rad8 15.O-O-O Bxf2
16.Ne2 Rxd2 17.Rxd2 Be3 18.Qd3 Bxd2+ 19.Qxd2 Ng6 20.Rd1 Qh4 21.f5 Ne5 22.Qf4 Qe7
23.f6 Qxf6 24.Qxf6 gxf6 25.Rd4 Rb8 26.Ra4 Rb7 27.Kc2 c5 28.Ra3 c6 29.Rg3+ Kf8
30.Rh3 Rb4 31.Ng3 Rc4+ 32.Kb3 a5 33.Rxh7 a4+ 34.Ka3 Rb4 35.b3 Ke7 36.Rh8 Rb7
37.Nf5+ Kd7 38.Ra8 axb3 39.axb3 c4 40.b4 c5 41.bxc5 c3 42.Nd4 Nc6 43.Nxc6 c2
44.Ne5+ fxe5 45.c6+ Kxc6 46.Rc8+ Kd6 47.Rxc2 f5 48.exf5 e4 49.Rb2 Rc7 50.Kb3 Ke5
51.Rc2 Rd7 52.Kc3 e3 53.f6 Ke4 54.Rg2 Rc7+ 55.Kb2 Rf7 56.Kc2 Rxf6 57.Rg3 Rc6+
58.Kd1 Kd3 59.h4 Ra6 60.Kc1 Rc6+ 61.Kd1 Ra6 62.Kc1 Ra1+ 63.Kb2 Rh1 64.h5 Rxh5
65.Kc1 Rh1+ 66.Kb2 Kd2  0-1

[Event "RUS-ch U20"]
[Site "Kolontaevo"]
[Date "1997.??.??"]
[Round "?"]
[White "Najer, Evgeniy"]
[Black "Zakharov, Alexander S"]
[Result "1-0"]
[WhiteElo "2510"]
[BlackElo "2330"]

1.d4 d5 2.c4 dxc4 3.e4 Nc6 4.Be3 Nf6 5.Nc3 e5 6.d5 Ne7 7.Bxc4 a6 8.Bc5 Ng6
9.Bxf8 Kxf8 10.Nge2 Ne8 11.Qc1 Nd6 12.Bd3 Nh4 13.O-O g5 14.Nd1 Ng6 15.Qc3 Bd7
16.Ne3 Rc8 17.Rac1 f6 18.Nc4 Qe7 19.Qb3 Rb8 20.Na5 Bb5 21.Rc2 Kf7 22.a4 Bxd3
23.Qxd3 Qd7 24.Rfc1 Rbc8 25.Qb3 b6 26.Nc6 Nxe4 27.Na7 Nc5 28.Rxc5 bxc5 29.Nxc8 Rxc8
30.Rxc5 Kg7 31.Qc4 Ne7 32.Nc3 c6 33.Qxa6 cxd5 34.Rxc8 Nxc8 35.a5 f5 36.Qb5 Qxb5
37.Nxb5 Kf6 38.Nc7 d4 39.b4 Ke7 40.b5 Kd6 41.b6 Kc6  1-0

[Event "RUS-ch (Women) sf+"]
[Site "Kolontaevo"]
[Date "1997.??.??"]
[Round "?"]
[White "Savitskaya, Ekaterina P"]
[Black "Zhurina, Elizaveta"]
[Result "1-0"]
[WhiteElo "2220"]
[BlackElo "2235"]

1.d4 d5 2.c4 dxc4 3.e4 e5 4.d5 Bd6 5.Bxc4 a6 6.Nc3 Ne7 7.Nf3 O-O 8.O-O Bg4
9.h3 Bh5 10.Be2 c6 11.Be3 b5 12.a3 f6 13.dxc6 Nbxc6 14.Nxe5 Nxe5 15.Bxh5 Nc4
16.Bc1 Nc6 17.Qd5+  1-0

[Event "Krasnodar op"]
[Site "Krasnodar"]
[Date "1997.??.??"]
[Round "?"]
[White "Najer, Evgeniy"]
[Black "Gazarian, Aram"]
[Result "1-0"]
[WhiteElo "2510"]
[BlackElo "2320"]

1.d4 d5 2.c4 dxc4 3.e4 e5 4.Nf3 exd4 5.Bxc4 Nc6 6.O-O Be6 7.Bxe6 fxe6 8.Qb3 Qd7
9.Qxb7 Rb8 10.Qa6 Nf6 11.Nbd2 Bb4 12.Qd3 O-O 13.Nc4 Bc5 14.Bd2 e5 15.Rac1 Qe6
16.Na5 Nxa5 17.Rxc5 Nb7 18.Rxe5 Qxa2 19.Nxd4 Rfd8 20.Re7 c5 21.Qg3 Nh5 22.Rxg7+ Kf8
23.Qf3+ Kxg7 24.Nf5+ Kf7 25.Qxh5+ Kf8 26.Qh6+ Ke8 27.Ng7+ Ke7 28.Bg5+ Kf8
29.Qxh7  1-0

[Event "Krasnodar op"]
[Site "Krasnodar"]
[Date "1997.??.??"]
[Round "?"]
[White "Tunik, Gennady"]
[Black "Gazarian, Aram"]
[Result "1/2-1/2"]
[WhiteElo "2460"]
[BlackElo "2320"]

1.d4 d5 2.c4 dxc4 3.e4 e5 4.Nf3 exd4 5.Bxc4 Nc6 6.O-O Be6 7.Bxe6 fxe6 8.Qb3 Qd7
9.Qxb7 Rb8 10.Qa6 Nf6 11.Nbd2 Bb4 12.Nc4 O-O 13.a3 Bc5 14.b4 Bb6 15.b5 Ne7
16.Nfe5 Qe8 17.a4 Nxe4 18.Ba3 Rf6 19.Rae1 Nc5 20.Bxc5 Bxc5 21.Nd3 e5 22.Qa5 Bb6
23.Qd2 c6 24.Nxb6 axb6 25.Rxe5 Qf7 26.Rfe1 Ng6 27.bxc6 Nxe5 28.Nxe5 Qd5 29.Nd7 Rg6
30.f4 Rd8 31.Ne5 Rxc6 32.Nxc6 Qxc6 33.Qa2+ Kh8 34.Qe6 Qxe6 35.Rxe6  1/2-1/2